000
00287nam a2200121Ia 4500
008
241002s9999 xx 000 0 und d
082
_a
741.5 GUA
100
_a
Guaveschi, Giovamai
245
4
_a
The little world of Don Camillo
260
_a
London:
_c
1963
600
_a
Art
942
_c
UC
999
_c
18744
_d
18744